Konkan cookbook/ (Record no. 153008)

MARC details
000 -LEADER
fixed length control field 00718nam a22002057a 4500
005 - DATE AND TIME OF LATEST TRANSACTION
control field 20181027181754.0
010 ## - LCCN (DPL NO)
LC control number B-165818 B-165841
020 ## - INTERNATIONAL STANDARD BOOK NUMBER
International Standard Book Number 9788179912164
Terms of availability 250.00
035 ## - SYSTEM CONTROL NUMBER
System control number B-165818 B-165841
037 ## - SOURCE OF ACQUISITION
Stock number dpl
Source of stock number/acquisition Popular Prakasahan
082 ## - DEWEY DECIMAL CLASSIFICATION NUMBER
Classification number 641.5
100 ## - MAIN ENTRY--PERSONAL NAME
Personal name Kapoor, Sanjeev
245 ## - TITLE STATEMENT
Title Konkan cookbook/
Statement of responsibility, etc by Sanjeev Kapoor
260 ## - PUBLICATION, DISTRIBUTION, ETC. (IMPRINT)
Place of publication, distribution, etc Mumbai
Name of publisher, distributor, etc Popular Prakasahan
Date of publication, distribution, etc 2005
270 ## - ADDRESS
Address 35-C Madanmohan Malviya marg Tardeo
City Mumbai
Postal code 400034
300 ## - PHYSICAL DESCRIPTION
Extent 138p.
Dimensions 23cm(Hb)
Other physical details ill.
500 ## - GENERAL NOTE
General note Konkan Cookbook
942 ## - ADDED ENTRY ELEMENTS (KOHA)
Source of classification or shelving scheme Dewey Decimal Classification
Item type English Books
Classification part 641.5
Call number suffix KAP
Holdings
Withdrawn status Lost status Not for loan Collection code Home library Current library Date acquired Full call number Barcode Koha item type Cost, normal purchase price Copy number Cost, replacement price
        R.C.Libraries (zls) R.C.Libraries (zls) 27/10/2018 641.5 KAP B-165841 English Books 250.00 1 250.00
      Non-fiction Sarojini Nagar Sarojini Nagar 22/06/2018 641.5 KAP B-165818 English Books      

© Delhi Public Library
Hit Counter
free hit counter